Nobelova cena za ekonomii: šance i pro ženy, aneb proč ji dosud žádná nezískala?

Príčiny absencie žien na zozname "nobelistov". Úvahy o postavení žien v ekonómii. Feministická ekonómia.

Salvato in:
Dettagli Bibliografici
Autore principale: Jurečka, Václav
Natura: Capitolo di libro
Lingua:ceco
Soggetti:
Tags: Aggiungi Tag
Nessun Tag, puoi essere il primo ad aggiungerne!!

MARC

LEADER 00000naa$a2200000$$$4500
001 0022130
005 20231107101801.8
041 0 |a cze 
044 |a CZ 
245 1 0 |a Nobelova cena za ekonomii: šance i pro ženy, aneb proč ji dosud žádná nezískala?  |c Václav Jurečka 
520 |a Príčiny absencie žien na zozname "nobelistov". Úvahy o postavení žien v ekonómii. Feministická ekonómia. 
610 2 0 |a Nobelova cena 
610 2 0 |a ženy 
610 2 0 |a veda ekonomická 
610 2 0 |a história 
610 2 0 |a emancipácia 
610 2 0 |a postavenie žien 
610 2 0 |a teórie ekonomické 
100 1 |a Jurečka, Václav